[Event "Potiguar-ch (Women)"]
[Site "Natal"]
[Date "2016.02.19"]
[Round "1.4"]
[White "Sallaberry, Ana Paula Nogueira"]
[Black "Martins, Rosangela"]
[Result "0-1"]
[WhiteElo "1573"]
[BlackElo "1657"]
[PlyCount "96"]
[EventDate "2016.02.19"]
[EventType "tourn"]
[EventRounds "7"]
[EventCountry "BRA"]
[SourceTitle "EXT 2022"]
[Source "ChessBase"]
[SourceDate "2021.10.06"]
[SourceVersion "1"]
[SourceVersionDate "2021.10.06"]
[SourceQuality "1"]

1. e4 e5 2. Nf3 Nc6 3. d4 exd4 4. Nxd4 Nxd4 5. Qxd4 d6 6. Bc4 Be6 7. 0-0 Qf6 8. Qd3 Qe5 9. Re1 Nf6 10. Nc3 Ng4 11. g3 Nxf2 12. Kxf2 Qc5+ 13. Be3 Qxc4 14. Qxc4 Bxc4 15. b3 Be6 16. Nb5 Kd7 17. Rad1 a6 18. Nc3 Be7 19. Bf4 g5 20. Be3 h6 21. Ne2 Bg4 22. Rd3 Bxe2 23. Rxe2 Rhb8 24. Bd4 c5 25. Bg7 Rg8 26. Bxh6 Rg6 27. Bxg5 Rxg5 28. Rf3 Rf8 29. h4 Rh5 30. Ke3 f5 31. Rf4 fxe4 32. Rxf8 Bxf8 33. Kxe4 Re5+ 34. Kf3 Rxe2 35. Kxe2 Ke6 36. c4 b5 37. cxb5 axb5 38. a4 bxa4 39. bxa4 d5 40. a5 c4 41. a6 Bc5 42. h5 Kf6 43. g4 Kg5 44. Kd2 d4 45. Kc2 d3+ 46. Kd2 Bd4 47. Kd1 c3 48. Kc1 Be3+ 0-1

[Event "Natal-ch"]
[Site "Natal"]
[Date "2016.02.08"]
[Round "5"]
[White "Martins, Rosangela"]
[Black "Moura, Paulo Jorge Alves"]
[Result "0-1"]
[WhiteElo "1657"]
[BlackElo "1925"]
[PlyCount "118"]
[EventDate "2016.02.06"]
[EventType "swiss"]
[EventRounds "6"]
[EventCountry "BRA"]
[SourceTitle "CBM 171 Extra"]
[Source "ChessBase"]
[SourceDate "2016.04.26"]
[SourceVersion "1"]
[SourceVersionDate "2016.04.26"]
[SourceQuality "1"]

1. e4 d6 2. Nf3 e5 3. Bc4 h6 4. h3 Nf6 5. Nc3 a6 6. a3 Be7 7. d3 Nc6 8. Be3 0-0 9. Qd2 Kh7 10. Nh4 Nxe4 11. dxe4 Bxh4 12. g3 Be7 13. f4 exf4 14. gxf4 Bh4+ 15. Bf2 Bxf2+ 16. Qxf2 f5 17. Bd3 fxe4 18. Nxe4 Bf5 19. 0-0-0 Qd7 20. Qg3 Qe6 21. Rde1 Qa2 22. c3 Rae8 23. Rhg1 Qf7 24. Nf2 Bxd3 25. Nxd3 Rxe1+ 26. Rxe1 Ne7 27. Qf3 Nd5 28. Qe4+ Kh8 29. Rf1 Re8 30. Qh1 Re3 31. Nb4 Nxb4 32. axb4 Re2 33. Qf3 Qe6 34. Rg1 Qe3+ 35. Qxe3 Rxe3 36. h4 Rf3 37. Rg4 Kg8 38. Kd2 Rf2+ 39. Kc1 Kf7 40. b3 Kf6 41. Kd1 g6 42. Ke1 Rb2 43. Rg3 Rxb3 44. Ke2 Rb2+ 45. Ke3 Rh2 46. Ke4 Rxh4 47. Ke3 Kf5 48. Rf3 h5 49. c4 Rg4 50. Rf1 h4 51. c5 dxc5 52. bxc5 Rg3+ 53. Kd4 h3 54. Re1 h2 55. Rh1 Rg2 56. Ke3 a5 57. Kf3 Rb2 58. Rd1 c6 59. Rg1 hxg1R 0-1

[Event "Natal-ch"]
[Site "Natal"]
[Date "2016.02.06"]
[Round "1"]
[White "Martins, Rosangela"]
[Black "Araujo, Jose Roberto"]
[Result "0-1"]
[WhiteElo "1657"]
[BlackElo "2136"]
[PlyCount "62"]
[EventDate "2016.02.06"]
[EventType "swiss"]
[EventRounds "6"]
[EventCountry "BRA"]
[SourceTitle "CBM 171 Extra"]
[Source "ChessBase"]
[SourceDate "2016.04.26"]
[SourceVersion "1"]
[SourceVersionDate "2016.04.26"]
[SourceQuality "1"]

1. e4 d6 2. Bc4 Nf6 3. Nc3 g6 4. h3 Bg7 5. Nf3 0-0 6. d3 c6 7. a3 d5 8. exd5 cxd5 9. Bb3 h6 10. Bf4 Nc6 11. Qd2 Kh7 12. Ne5 Nh5 13. Nxc6 bxc6 14. Bh2 e5 15. 0-0 f5 16. f3 f4 17. Qf2 e4 18. fxe4 dxe4 19. Qe2 f3 20. Qxe4 Bd4+ 21. Kh1 fxg2+ 22. Qxg2 Bf5 23. Bg1 Qh4 24. Rf3 Be5 25. Bf2 Qd8 26. Be3 Qc7 27. Raf1 Ng3+ 28. Rxg3 Bxg3 29. Ne2 Be5 30. d4 Qe7 31. Rg1 Bxd4 0-1

[Event "Potiguar-ch"]
[Site "Macaiba"]
[Date "2015.12.12"]
[Round "2.3"]
[White "Martins, Rosangela"]
[Black "Medeiros, Israel Costa Smith"]
[Result "0-1"]
[WhiteElo "1652"]
[BlackElo "2093"]
[PlyCount "72"]
[EventDate "2015.12.12"]
[EventType "swiss"]
[EventRounds "5"]
[EventCountry "BRA"]
[SourceTitle "EXT 2022"]
[Source "ChessBase"]
[SourceDate "2021.10.06"]
[SourceVersion "1"]
[SourceVersionDate "2021.10.06"]
[SourceQuality "1"]

1. e4 c5 2. Nf3 d6 3. Bc4 Nc6 4. Nc3 g6 5. h3 Bg7 6. d3 Nf6 7. a3 0-0 8. Be3 a6 9. Ba2 b5 10. Nd5 Bb7 11. Nxf6+ Bxf6 12. Bh6 Bxb2 13. Bxf8 Bxa1 14. Qxa1 Qxf8 15. 0-0 Qg7 16. Ng5 Qxa1 17. Rxa1 e6 18. Nf3 Rc8 19. Rb1 Nd4 20. Nxd4 cxd4 21. Rc1 Rc3 22. Bb3 Bc6 23. Ra1 a5 24. a4 b4 25. Re1 e5 26. g4 Bd7 27. f3 Be6 28. Bxe6 fxe6 29. Re2 Ra3 30. Kf1 Rxa4 31. Ke1 Ra1+ 32. Kd2 a4 33. Rf2 a3 34. f4 a2 35. f5 exf5 36. gxf5 Rg1 0-1

[Event "Natal CBX zt"]
[Site "Natal"]
[Date "2014.02.23"]
[Round "5"]
[White "Martins, Rosangela"]
[Black "Almeida, Elon Mafra de Carva"]
[Result "0-1"]
[WhiteElo "1851"]
[BlackElo "1734"]
[PlyCount "42"]
[EventDate "2014.02.21"]
[EventType "swiss"]
[EventRounds "5"]
[EventCountry "BRA"]
[SourceTitle "CBM 159 Extra"]
[Source "ChessBase"]
[SourceDate "2014.04.24"]
[SourceVersion "1"]
[SourceVersionDate "2014.04.24"]
[SourceQuality "1"]

1. e4 e5 2. Nf3 Nc6 3. Bc4 Bc5 4. d3 Nge7 5. Nc3 0-0 6. Bg5 d6 7. h3 Kh8 8. a3 f6 9. Bh4 Ng6 10. Bg3 f5 11. Qd2 f4 12. Bh2 Nh4 13. Nxh4 Qxh4 14. Rf1 Be3 15. Qd1 Nd4 16. Ne2 f3 17. g3 fxe2 18. gxh4 exd1Q+ 19. Rxd1 Nf3+ 20. Ke2 Nxh2 21. Rh1 Bf4 0-1

[Event "Natal CBX zt"]
[Site "Natal"]
[Date "2014.02.22"]
[Round "4"]
[White "Ferreira, Alexander da Silva"]
[Black "Martins, Rosangela"]
[Result "1/2-1/2"]
[WhiteElo "1699"]
[BlackElo "1851"]
[PlyCount "124"]
[EventDate "2014.02.21"]
[EventType "swiss"]
[EventRounds "5"]
[EventCountry "BRA"]
[SourceTitle "CBM 159 Extra"]
[Source "ChessBase"]
[SourceDate "2014.04.24"]
[SourceVersion "1"]
[SourceVersionDate "2014.04.24"]
[SourceQuality "1"]

1. e4 c5 2. Nf3 e6 3. d4 cxd4 4. Nxd4 a6 5. f4 Qc7 6. Nc3 Ne7 7. Bd3 b5 8. Nce2 Bb7 9. Ng3 g6 10. 0-0 Nbc6 11. Be3 Bg7 12. c3 d6 13. f5 Bxd4 14. cxd4 e5 15. d5 Nd8 16. f6 Ng8 17. Qd2 h5 18. Rac1 Qd7 19. Rc2 Rc8 20. Qc1 Rxc2 21. Qxc2 h4 22. Ne2 Rh5 23. Nc1 Rh8 24. Nb3 Ba8 25. Na5 Nb7 26. Nxb7 Bxb7 27. Be2 Qd8 28. h3 Bc8 29. Rc1 Bd7 30. Bg5 Nh6 31. Qc7 Qxc7 32. Rxc7 Kd8 33. Ra7 Bc8 34. Bxh6 Rxh6 35. Ra8 Kc7 36. Bg4 Bxg4 37. hxg4 Kb6 38. Rf8 Rh7 39. Rg8 h3 40. Rg7 Rh4 41. gxh3 Rxh3 42. Kg2 Re3 43. Rxf7 Rxe4 44. Rf8 Rxg4+ 45. Kh3 Rf4 46. f7 Ka5 47. Rd8 Rxf7 48. Rxd6 e4 49. Rxg6 e3 50. Re6 Rd7 51. a3 Rxd5 52. Rxe3 b4 53. Rb3 Rd4 54. Kg3 Kb5 55. Kf3 a5 56. Re3 bxa3 57. bxa3 Kc4 58. Ke2 Rd5 59. Rf3 a4 60. Rg3 Rd4 61. Rf3 Rd5 62. Rg3 Rd4 1/2-1/2

[Event "Natal CBX zt"]
[Site "Natal"]
[Date "2014.02.22"]
[Round "3"]
[White "Martins, Rosangela"]
[Black "Quaranta Neto, Francisco"]
[Result "0-1"]
[WhiteElo "1851"]
[BlackElo "1949"]
[PlyCount "76"]
[EventDate "2014.02.21"]
[EventType "swiss"]
[EventRounds "5"]
[EventCountry "BRA"]
[SourceTitle "CBM 159 Extra"]
[Source "ChessBase"]
[SourceDate "2014.04.24"]
[SourceVersion "1"]
[SourceVersionDate "2014.04.24"]
[SourceQuality "1"]

1. e4 e6 2. Nf3 d5 3. exd5 exd5 4. d4 Bd6 5. Nc3 c6 6. Bd3 Bg4 7. 0-0 Ne7 8. Be2 0-0 9. h3 Bh5 10. Be3 f5 11. Ne5 Bxe2 12. Nxe2 Nd7 13. f4 Nf6 14. Ng3 Ne4 15. Kh2 Qc7 16. Qd3 Rf6 17. c4 Nxg3 18. Kxg3 dxc4 19. Qxc4+ Nd5 20. Kh2 Kh8 21. Bd2 h6 22. h4 Bxe5 23. dxe5 Rg6 24. Rf3 Rg4 25. Kh3 g5 26. hxg5 hxg5 27. g3 gxf4 28. Bxf4 Rag8 29. Rg1 Qh7+ 30. Kg2 Nxf4+ 31. Qxf4 Rxf4 32. Rxf4 Qg6 33. Rf3 f4 34. Kh2 fxg3+ 35. Rfxg3 Qh5+ 36. Kg2 Rxg3+ 37. Kxg3 Qxe5+ 38. Kf3 Qxb2 0-1

[Event "Potiguar-ch"]
[Site "Natal"]
[Date "2013.10.04"]
[Round "6.8"]
[White "Azevedo, Alcides Alexandre"]
[Black "Martins, Rosangela"]
[Result "1-0"]
[WhiteElo "2033"]
[BlackElo "1841"]
[PlyCount "77"]
[EventDate "2013.09.27"]
[EventType "swiss"]
[EventRounds "9"]
[EventCountry "BRA"]
[SourceTitle "EXT 2015"]
[Source "ChessBase"]
[SourceDate "2014.11.20"]
[SourceVersion "1"]
[SourceVersionDate "2014.11.20"]
[SourceQuality "1"]

1. e4 e5 2. Nf3 Nc6 3. Bb5 d6 4. d4 exd4 5. Nxd4 Bd7 6. Nxc6 bxc6 7. Bc4 Nf6 8. Qe2 Be7 9. Nc3 Rb8 10. Bb3 h6 11. Be3 c5 12. f3 Be6 13. 0-0 0-0 14. Rfd1 Qc8 15. Rab1 c6 16. Bf4 Rd8 17. h3 Rb7 18. e5 dxe5 19. Qxe5 Bxb3 20. axb3 Rbd7 21. Qe2 Bd6 22. Bxd6 Rxd6 23. Rxd6 Rxd6 24. Rd1 Qd7 25. Rxd6 Qxd6 26. Qf2 Qd4 27. Na4 Nd7 28. Qxd4 cxd4 29. b4 Kf8 30. Kf2 Ke7 31. c4 dxc3 32. bxc3 Kd6 33. Nb2 a6 34. Ke3 c5 35. f4 cxb4 36. cxb4 Kd5 37. Kd3 Nb6 38. Nd1 Nc4 39. Nc3+ 1-0

[Event "Natal op"]
[Site "Natal"]
[Date "2013.09.07"]
[Round "4"]
[White "Martins, Rosangela"]
[Black "Pinheiro, Irene Ginani Costa"]
[Result "1-0"]
[WhiteElo "1841"]
[BlackElo "1785"]
[PlyCount "61"]
[EventDate "2013.09.06"]
[EventType "swiss"]
[EventRounds "6"]
[EventCountry "BRA"]
[SourceTitle "EXT 2016"]
[Source "ChessBase"]
[SourceDate "2015.10.08"]
[SourceVersion "1"]
[SourceVersionDate "2015.10.08"]
[SourceQuality "1"]

1. e4 e5 2. Nf3 Nc6 3. Bc4 Nf6 4. Nc3 Bc5 5. 0-0 d6 6. h3 Qe7 7. d3 Be6 8. Nd5 Bxd5 9. Bxd5 Nxd5 10. exd5 Nd4 11. c3 Nxf3+ 12. Qxf3 Qf6 13. Qg4 h5 14. Qe4 0-0-0 15. b4 Bb6 16. a4 a5 17. Qc4 g5 18. Be3 Kb8 19. Bxb6 cxb6 20. f3 Rc8 21. Qb3 Qg6 22. Rab1 Rc7 23. bxa5 bxa5 24. Qb6 Qxd3 25. Qxd6 Qe3+ 26. Kh1 Qf4 27. c4 f5 28. c5 Kc8 29. c6 bxc6 30. Qe6+ Rd7 31. dxc6 1-0

[Event "Natal op"]
[Site "Natal"]
[Date "2013.09.06"]
[Round "2"]
[White "Martins, Rosangela"]
[Black "Caldas, Danilo Raposo Freir"]
[Result "1-0"]
[WhiteElo "1841"]
[BlackElo "1725"]
[PlyCount "83"]
[EventDate "2013.09.06"]
[EventType "swiss"]
[EventRounds "6"]
[EventCountry "BRA"]
[SourceTitle "EXT 2016"]
[Source "ChessBase"]
[SourceDate "2015.10.08"]
[SourceVersion "1"]
[SourceVersionDate "2015.10.08"]
[SourceQuality "1"]

1. e4 c5 2. Nf3 d6 3. Bc4 Nf6 4. Nc3 a6 5. a3 e6 6. d3 Be7 7. h3 b5 8. Ba2 Bd7 9. Be3 Nc6 10. 0-0 0-0 11. Nh2 Rc8 12. Ng4 Nxg4 13. Qxg4 e5 14. Qe2 Nd4 15. Bxd4 cxd4 16. Nd1 Kh8 17. f4 f5 18. fxe5 dxe5 19. exf5 Rf6 20. c3 Qf8 21. Qxe5 dxc3 22. Nxc3 Bd6 23. Qe2 Rxf5 24. Rxf5 Qxf5 25. Rf1 Qg6 26. Ne4 Be5 27. Qf3 Qe8 28. Ng5 h6 29. Nf7+ Kh7 30. Qe4+ g6 31. Qxe5 Qxe5 32. Nxe5 Bf5 33. g4 Re8 34. gxf5 Rxe5 35. f6 Re8 36. f7 Rf8 37. d4 Kg7 38. Re1 g5 39. Re8 a5 40. Rxf8 Kxf8 41. Kf2 b4 42. a4 1-0

[Event "Natal op"]
[Site "Natal"]
[Date "2013.09.06"]
[Round "1"]
[White "Molina, Jorge"]
[Black "Martins, Rosangela"]
[Result "1-0"]
[WhiteElo "2152"]
[BlackElo "1841"]
[PlyCount "80"]
[EventDate "2013.09.06"]
[EventType "swiss"]
[EventRounds "6"]
[EventCountry "BRA"]
[SourceTitle "EXT 2016"]
[Source "ChessBase"]
[SourceDate "2015.10.08"]
[SourceVersion "1"]
[SourceVersionDate "2015.10.08"]
[SourceQuality "1"]

1. d4 d5 2. c4 e6 3. Nc3 Nf6 4. Bg5 Bb4 5. e3 h6 6. Bh4 g5 7. Bg3 Ne4 8. Rc1 b6 9. Qa4+ Bd7 10. Qxb4 Nc6 11. Qa3 Nxg3 12. hxg3 dxc4 13. Bxc4 Na5 14. Be2 Bc6 15. Bb5 Qd7 16. Bxc6 Qxc6 17. Qa4 0-0-0 18. Qxc6 Nxc6 19. Nf3 Nb4 20. Ke2 Kb7 21. Ne5 Rdf8 22. Rh5 Rh7 23. a3 Na6 24. Nd7 Rd8 25. Nf6 Rhh8 26. Rch1 c5 27. d5 exd5 28. Ncxd5 Rd6 29. Rxh6 Rhd8 30. e4 Nc7 31. Rh7 Nxd5 32. Nxd5 R8d7 33. Rg7 f5 34. Rhh7 Rxg7 35. Rxg7+ Kc8 36. Rxg5 fxe4 37. Ke3 Kb7 38. Kxe4 Re6+ 39. Re5 Rc6 40. f4 a5 1-0

[Event "Natal Potiguar op"]
[Site "Natal"]
[Date "2013.07.07"]
[Round "6"]
[White "Martins, Rosangela"]
[Black "Melo, Guilherme Gama do N"]
[Result "1-0"]
[WhiteElo "1867"]
[BlackElo "1735"]
[PlyCount "43"]
[EventDate "2013.07.05"]
[EventType "swiss"]
[EventRounds "6"]
[EventCountry "BRA"]
[SourceTitle "EXT 2014"]
[Source "ChessBase"]
[SourceDate "2013.11.20"]
[SourceVersion "1"]
[SourceVersionDate "2013.11.20"]
[SourceQuality "1"]

1. e4 c5 2. Nf3 Nc6 3. Bc4 d6 4. Ng5 e6 5. d3 Be7 6. Qg4 h6 7. Nf3 Bf6 8. Qg3 Qc7 9. Nc3 a6 10. 0-0 Bd7 11. Bf4 Ne5 12. Bxe5 dxe5 13. a4 0-0-0 14. Nd2 g5 15. Nb3 Bg7 16. Qf3 Nf6 17. a5 b5 18. axb6 Qxb6 19. Rxa6 Qb4 20. Rfa1 Kb7 21. Ra7+ Kb6 22. R1a6# 1-0

[Event "FENAJ-ch U18 Girls"]
[Site "Brazil"]
[Date "2013.06.01"]
[Round "4"]
[White "Martins, Rosangela"]
[Black "Dos Santos, Maria Isabel Queiro"]
[Result "0-1"]
[WhiteElo "1867"]
[BlackElo "1800"]
[PlyCount "158"]
[EventDate "2013.05.30"]
[EventType "swiss"]
[EventRounds "5"]
[EventCountry "BRA"]
[SourceTitle "EXT 2015"]
[Source "ChessBase"]
[SourceDate "2014.11.20"]
[SourceVersion "1"]
[SourceVersionDate "2014.11.20"]
[SourceQuality "1"]

1. e4 e5 2. Nf3 Nc6 3. Bc4 Bc5 4. d3 h6 5. Nc3 Nf6 6. 0-0 0-0 7. Qe2 d6 8. h3 Bd4 9. Be3 Bxc3 10. bxc3 Be6 11. Bb3 d5 12. exd5 Bxd5 13. Rad1 Qe7 14. Rfe1 Rfe8 15. Bd2 Bxb3 16. axb3 e4 17. Nd4 Nxd4 18. cxd4 a6 19. f3 Rad8 20. c3 c5 21. Qf2 cxd4 22. cxd4 Qe6 23. Rb1 Qd5 24. dxe4 Qxd4 25. Be3 Qd6 26. Rb2 Nh5 27. Qh4 Qg6 28. Rbe2 Rd3 29. b4 Red8 30. g4 Nf6 31. Qf2 Rd1 32. h4 Rxe1+ 33. Rxe1 h5 34. g5 Nh7 35. Qe2 f6 36. Qc4+ Kh8 37. f4 fxg5 38. fxg5 Rf8 39. Rf1 Rxf1+ 40. Kxf1 Nf8 41. Ke2 Qd6 42. Bf2 b5 43. Qd4 Qxd4 44. Bxd4 Ne6 45. Bc5 g6 46. Ke3 Kg8 47. e5 Kf7 48. Bd6 Ke8 49. Ke4 Kd7 50. Bb8 Nd8 51. Ba7 Nc6 52. Bc5 Ke6 53. Bd6 a5 54. bxa5 Nxa5 55. Kf4 Nc6 56. Ke4 b4 57. Ke3 b3 58. Ba3 Kxe5 59. Kd3 Kf4 60. Kc3 Kg4 61. Kxb3 Kxh4 62. Kc2 Kxg5 63. Kd2 Kg4 64. Bd6 h4 65. Ke3 g5 66. Kf2 Nd4 67. Kg2 h3+ 68. Kh1 Kf3 69. Kh2 g4 70. Bg3 Nf5 71. Bc7 Ne3 72. Kh1 g3 73. Bd6 g2+ 74. Kg1 Nf5 75. Bc5 Nh6 76. Kh2 Kg4 77. Bd6 Nf5 78. Bb8 Nh4 79. Kg1 Nf3+ 0-1